|
|
|
|
| LEADER |
00000nam1a2200000 4500 |
| 001 |
256855 |
| 005 |
20231101233142.0 |
| 010 |
|
|
|a 5274000789
|
| 020 |
|
|
|a RU
|b 88-2359
|
| 035 |
|
|
|a (RuTPU)RU\TPU\book\279598
|
| 090 |
|
|
|a 256855
|
| 100 |
|
|
|a 20140411d1987 k a0rusy5003 ca
|
| 101 |
0 |
|
|a rus
|
| 200 |
1 |
|
|a Мобильные здания и комплексы на основе открытых конструктивных систем
|f Н. Н. Карасев
|
| 210 |
|
|
|a Москва
|c Стройиздат
|d 1987
|
| 215 |
|
|
|a 133 с.
|c ил.
|
| 225 |
1 |
|
|a Наука - строительному производству
|
| 320 |
|
|
|a Библиогр.: с. 133-134.
|
| 606 |
1 |
|
|a Здания и постройки сборно-разборные
|2 stltpush
|3 (RuTPU)RU\TPU\subj\11654
|9 38572
|
| 610 |
1 |
|
|a системный подход
|
| 610 |
1 |
|
|a проектирование
|
| 610 |
1 |
|
|a конструктивные системы
|
| 610 |
1 |
|
|a проектирование
|
| 610 |
1 |
|
|a эксплуатация
|
| 675 |
|
|
|a 69.033
|z rus
|
| 700 |
|
1 |
|a Карасев
|b Н. Н.
|g Николай Николаевич
|4 070
|
| 801 |
|
0 |
|a RU
|b RuMRKP
|c 19950417
|g psbo
|
| 801 |
|
1 |
|a RU
|b 63413507
|c 20140411
|
| 801 |
|
2 |
|a RU
|b 63413507
|c 20141121
|g RCR
|
| 942 |
|
|
|c BK
|